000 01307cam a2200325 a 4500
999 _c50546
_d50546
001 14727921
005 20200227154953.0
008 070208s2008 nyu b 001 0 eng
010 _a 2007005476
020 _a9780815341116 (hardcover)
040 _aDLC
_cDLC
_dDLC
050 0 0 _aQH581.2
_b.M64 2008b
080 _a577.2 M-79
082 0 0 _a571.6
_222
245 0 0 _aMolecular biology of the cell /
_cBruce Alberts ... [et al.] ; with problems by John Wilson, Tim Hunt.
250 _a5th ed., Reference ed.
264 _aNew York :
_bGarland Science,
_cc2008.
300 _axxxiii, 1601, [90] p. :
_bill. (mostly col.) ;
_c28 cm. +
_e1 DVD-ROM (4 3/4 in.)
504 _aIncludes bibliographical references and index.
650 0 _aCytology.
_97126
650 0 _aMolecular biology.
_97570
653 _aბიოლოგია
700 1 _aAlberts, Bruce.
_97571
700 1 _aWilson, John H.,
_d1944-
_97572
700 1 _aHunt, Tim,
_d1943-
_97573
856 4 1 _3Table of contents only
_uhttp://www.loc.gov/catdir/toc/ecip0710/2007005476.html
906 _a7
_bcbc
_corignew
_d1
_eecip
_f20
_gy-gencatlg
942 _2udc
_cBK
955 _ajb08 2007-02-08
_ijb08 2007-02-08
_aaa27 2007-02-08
_apa18 2009-03-12 (adj. ed. statement)
_axe07 2009-03-13 1 copy rec'd., to CIP ver.
_axh00 2009-03-19 to USPL/STM